Statistics for History Chain Quiz #7

Click here to take the quiz!

General Stats

  • This quiz has been taken 89 times
  • The average score is 7 of 15

Answer Stats

ClueAnswer% Correct
Official language of the Roman RepublicLatin
95%
Military alliance founded in 1949NATO
84%
Last Emperor of RussiaNicholas II
77%
Japanese warrior casteSamurai
72%
Site of genocide against the TutsiRwanda
72%
Chinese imperial dynastyHan
55%
Wrote "The Wealth of Nations"Adam Smith
52%
Westward land route along the Missouri riverOregon Trail
48%
First King of EnglandAlfred
38%
Former Sultanate in TanzaniaZanzibar
31%
Conflict fought over Anglo-Irish treatyIrish Civil War
13%
South American country (1819 - 1831)Gran Colombia
9%
Council convened by Constantine INicaea
8%
First CaliphateRashidun
6%
Battle that dissolved the Holy Roman EmpireAuschwitz
2%

Score Distribution

Percentile by Number Answered

Percent of People with Each Score

Your Score History

You have not taken this quiz